Bài hát ngày mai : Thơ
Bewaard in:
| Hoofdauteur: | |
|---|---|
| Formaat: | Boek |
| Taal: | Undetermined |
| Gepubliceerd in: |
Hà Nội
Hội nhà văn
2010
|
| Onderwerpen: | |
| Tags: |
Voeg label toe
Geen labels, Wees de eerste die dit record labelt!
|
| Thư viện lưu trữ: | Trung tâm Học liệu Trường Đại học Cần Thơ |
|---|
| LEADER | 00524nam a2200193Ia 4500 | ||
|---|---|---|---|
| 001 | CTU_226443 | ||
| 008 | 210402s9999 xx 000 0 und d | ||
| 082 | |a 895.71 | ||
| 082 | |b U54 | ||
| 100 | |a Un, Ko | ||
| 245 | 0 | |a Bài hát ngày mai : | |
| 245 | 0 | |b Thơ | |
| 245 | 0 | |c Ko Un ; Lê Đăng Hoan (dịch) | |
| 260 | |a Hà Nội | ||
| 260 | |b Hội nhà văn | ||
| 260 | |c 2010 | ||
| 650 | |a Korean poetry,Thơ Hàn Quốc | ||
| 910 | |b nthai | ||
| 980 | |a Trung tâm Học liệu Trường Đại học Cần Thơ | ||